Духовный мир Императора Николая II и его семьи

Dettagli Bibliografici
Autore principale: Капков К. Г. Константин Геннадьевич
Riassunto:В книге впервые подробно рассмотрены различные аспекты религиозной жизни последней Царской семьи вплоть до ее мученической кончины, а также вопросы, связанные с отстранением Государя от престола в марте 1917 года. Исследование построено на эпистолярных, мемуарных и архивных источниках, содержит большое количество иллюстраций, в том числе не изданных ранее. Работа рассчитана на широкий круг читателей, как специалистов, так и знакомящихся с царской темой впервые.
Lingua:russo
Pubblicazione: Москва, Летопись, 2018
Soggetti:
Natura: MixedMaterials Libro
KOHA link:https://koha.lib.tpu.ru/cgi-bin/koha/opac-detail.pl?biblionumber=341478

MARC

LEADER 00000nam0a2200000 4500
001 341478
005 20260227131037.0
010 |a 9785990683020 
035 |a (RuTPU)RU\TPU\book\369487 
090 |a 341478 
100 |a 20181001d2018 km y0rusy50 ca 
101 0 |a rus 
102 |a RU 
105 |a a z 001zy 
200 1 |a Духовный мир Императора Николая II и его семьи  |f К. Г. Капков 
210 |a Москва  |c Летопись  |d 2018 
215 |a 352 с.  |c ил. 
320 |a Библиогр.: с. 243-247 
330 |a В книге впервые подробно рассмотрены различные аспекты религиозной жизни последней Царской семьи вплоть до ее мученической кончины, а также вопросы, связанные с отстранением Государя от престола в марте 1917 года. Исследование построено на эпистолярных, мемуарных и архивных источниках, содержит большое количество иллюстраций, в том числе не изданных ранее. Работа рассчитана на широкий круг читателей, как специалистов, так и знакомящихся с царской темой впервые. 
600 0 |a Николай  |d II  |f 1868-1918  |c последний российский император из династии Романовых (1894-1917)  |2 stltpush  |3 (RuTPU)RU\TPU\pers\336 
606 |a Деятели общественные и государственные  |x Персоналии  |y Россия  |z 1885-1917  |9 89190 
610 1 |a Российская империя 
610 1 |a 19 век 
610 1 |a 20 век 
610 1 |a религиозная жизнь 
610 1 |a царская семья 
610 1 |a духовный мир 
686 |a Т3(2)53  |2 rubbk 
700 1 |a Капков  |b К. Г.  |g Константин Геннадьевич 
801 1 |a RU  |b 63413507  |c 20181001 
801 2 |a RU  |b 63413507  |c 20181012  |g RCR 
942 |c BK